Machine Platform Crowd (Record no. 352103)

000 -LEADER
fixed length control field 00564nam a22001817a 4500
003 - CONTROL NUMBER IDENTIFIER
control field OSt
005 - DATE AND TIME OF LATEST TRANSACTION
control field 20180116183107.0
008 - FIXED-LENGTH DATA ELEMENTS--GENERAL INFORMATION
fixed length control field 171017b xxu||||| |||| 00| 0 eng d
020 ## - INTERNATIONAL STANDARD BOOK NUMBER
International Standard Book Number 9780393254297
040 ## - CATALOGING SOURCE
Transcribing agency 0
082 ## - DEWEY DECIMAL CLASSIFICATION NUMBER
Classification number 303.4833 AFE 2017
100 ## - MAIN ENTRY--PERSONAL NAME
Personal name Andrew Mc Afee, Erik Brynjolfsson
245 ## - TITLE STATEMENT
Title Machine Platform Crowd
Remainder of title Harnessing our digital Future
Statement of responsibility, etc. Andrew Mc Afee, Erik Brynjolfsson
260 ## - PUBLICATION, DISTRIBUTION, ETC.
Place of publication, distribution, etc. New York/ London
Name of publisher, distributor, etc. W.W. Norton & Company
Date of publication, distribution, etc. 2017
300 ## - PHYSICAL DESCRIPTION
Extent 402p
Other physical details HB
440 ## - SERIES STATEMENT/ADDED ENTRY--TITLE
Title Machine Platform Crowd
942 ## - ADDED ENTRY ELEMENTS (KOHA)
Source of classification or shelving scheme
Koha item type Book
Call number prefix 303.4833 AFE 2017
Holdings
Withdrawn status Lost status Source of classification or shelving scheme Damaged status Not for loan Collection code Permanent Location Current Location Shelving location Date acquired Total Checkouts Full call number Barcode Checked out Date last seen Date last checked out Price effective from Koha item type
            Central Library (CL) Central Library (CL) General Stacks 10/17/2017 2 303.4833 AFE 2017 NBS10345 10/20/2018 06/22/2018 06/22/2018 10/17/2017 Book
© 2023 Central Library, National University of Sciences and Technology. All Rights Reserved.